Bilgi toplumuna doğru (Record no. 6007)

MARC details
000 -BAŞLIK
Sabit Uzunlukta Kontrol Alanı 00881na a2200289 4500
001 - KONTROL NUMARASI
Denetim Alanı 13869
003 - KONTROL NUMARASI IDENTIFIER
Denetim Alanı MIRAKIL
005 - SON İŞLEM TARİHİ VE ZAMANI
Denetim Alanı 20181213155053.0
008 - SABİT-BOY VERİ ELEMANLARI - GENEL BİLGİLER
Sabit Uzunlukta Kontrol Alanı 161024b tu 000 0
020 ## - ULUSLARARASI STANDART KİTAP NUMARASI
Uluslararası Standart Kitap Numarası 9759322412
035 ## - SİSTEM KONTROL NUMARASI
Sistem Kontrol Numarası 13869
040 ## - KATALOGLAMA KAYNAK
Orijinal Kataloglama Ajansı Milas
Kataloglama Dili tur
Metne Dönüştürmek Ajansı TR-AnCHP
041 ## - DİL KODU
Metin / Ses Parça Veya Ayrı Başlığın Dil Kodu tur
082 ## - DEWEY ONLU SINIFLANDIRMA NUMARASI
Sınıflandırma Numarası 303.483
Ürün Numarası T96b 2002
090 ## - SINIFLAMA NUMARASI
Sınıflama Numarası 303.483 T96b 2002
111 ## - ANA GİRİŞ - TOPLANTI ADI
Giriş Elemanı Olarak Toplantı Adı Veya Yargı Alanı Adı Türkiye Bilişim Şurası
Toplantının Yeri Ankara
Toplantı Veya Antlaşma İmzalandığı Tarihi 2002
245 ## - BAŞLIK TABLOSU
Başlık Bilgi toplumuna doğru
Sorumluluk Tablosu, Vb düzenleyen Başbakanlık Müsteşarlığı ... [ve öte.]
260 ## - YAYIN, DAĞITIM, VB
Yayın, Dağıtım, Vb Yeri Ankara
Yayıncı, Dağıtıcı, Vs Adı T.C. Başbakanlık
Yayın, Dağıtım, Vb Tarihi 2002
300 ## - FİZİKSEL TANIM
Kapsam 550 s.
Boyutlar 30 sm.
500 ## - GENEL NOT
Genel Not Dış kapakta yapıt adı : "Bilgi toplumuna doğru"
650 ## - KONU KATMA GİRİŞ - TOPİKAL DÖNEM
Topikal Süreli Veya Coğrafi Ad Giriş Elemanı Toplumsal değişim
Coğrafi Alt Bölümü Türkiye
650 ## - KONU KATMA GİRİŞ - TOPİKAL DÖNEM
Topikal Süreli Veya Coğrafi Ad Giriş Elemanı Bilgi toplumu
650 ## - KONU KATMA GİRİŞ - TOPİKAL DÖNEM
Topikal Süreli Veya Coğrafi Ad Giriş Elemanı Bilişim
Genel Alt Bölümü Toplantılar
710 ## - KATMA GİRİŞ - KURUMSAL ADI
Giriş Elemanı Olarak Kurumsal Ad Veya Yargı Alanı Adı Başbakanlık Müsteşarlığı
740 ## - KATMA GİRİŞ - KONTROLSUZ İLGİLİ / ANALİTİK BAŞLIK
Kontrol Edilmeyen / İlgili Analitik Başlıktaki Bilgi toplumuna doğru
942 ## - EKLENDİ GİRİŞ ELEMANLARI (KOHA)
Sınıflandırma Veya Raf Düzeni Kaynak Dewey Decimal Classification
Koha Öğesi Türü Books
999 ## - SİSTEM KONTROL NUMARALARI (KOHA)
Koha Biblionumber 6007
Koha Biblioitemnumber 6007
Holdings
Kalıcı Konum Mevcut Konum Edinme Tarihi Edinim Kaynak Toplam Check-Out'Lar Tam Çağrı Numarası Barkod Tarih Son Görülme İtibaren Geçerli Fiyatlar Koha Öğesi Türü Kopya Sayısı
CHP Kütüphanesi CHP Kütüphanesi 08/19/2016 Bağış   303.483 T96b 2002 001557 08/19/2016 08/19/2016 Books  
CHP Kütüphanesi CHP Kütüphanesi 10/24/2016 Bağış   303.483 T96b 2002 007118 10/24/2016 10/24/2016 Books k.2